000 00387nam a2200145Ia 4500
005 20251222175939.0
008 251222s9999||||xx |||||||||||||| ||spa||
020 _a8448118405
082 _a330/S29
100 _aSchiller, Bradley R.
245 0 _aPrincipios Esenciales de Economía
250 _a1ra. ed.
264 _bMacGraw-Hill/ Interamericana de España, S.A.
942 _cLIB
999 _c41305
_d41305